000 00734nam a2200241 u 4500
001 000020671
003 DO-SdBNP
005 20220324102549.0
007 ta
008 100812e2019 dr a gr 000 f spa d
020 _a9789945806366
040 _aDO-SdBNP
_bspa
_cBNPHU
082 4 _bZ24i
_222
100 1 _aZambrano, Héctor
_943428
_d1956-
245 1 4 _aLos Intrusos :
_b"la conquista de América" /
_cHéctor Zambrano.
260 _aMonte Plata, República Dominicana :
_b[s.n.],
_c2019
300 _a119 p. :
_bil. ;
_c21 cm.
590 _aInventariado, 2020 /LP
650 4 _91300
_aHistoria en la Literatura
_zRepública Dominicana
650 4 _944449
_aNovela Histórica dominicana
910 _aMFeliz
942 _2ddc
_cLBS1
999 _c20175
_d20175